000 01676cam a22004574i 4500
003 PE-LiUPU
005 20250731184604.0
008 150616s r 000 0 d
035 _a(Sirsi) a5685
040 _aPE-LiUPU
_bspa
_cPE-LiUPU
_erda
049 _aPRUA
082 0 4 _a985.0095
_bL93
_221
100 1 _aLudeña De la Vega, Guillermo,
_eautor.
245 1 0 _aVocabulario Quechua Utilizada por el Cronista Indio Felipe Guamán Poma De Ayala /
_cGuillermo Ludeña De la Vega.
264 1 _aLima :
_bImpreso por Perúgraph Editores S.A.,
_c1982.
300 _a350 páginas ;
_c20 cm.
336 _atext
_2rdacontent
337 _aunmediated
_2rdamedia
338 _avolume
_2rdacarrier
505 0 _aLa transculturación, el quechua y los quechuístas.- Quechuización del castellano y castellanización del quechua.- Vocabulario quechua.- Literatura quechua-época incaica.
526 _aP136
526 _aP135
526 _aP134
526 _aP133
526 _aP144
526 _aP143
526 _aP87
526 _aP35
526 _aP20
526 _aP14
526 _aP10
526 _aP06
650 0 4 _aQuechua
_vGlosarios, vocabularios, etc.
910 _ajck
_bjvq
_cjck
942 _2ddc
_cBOOK
949 _a985.0095 L93
_wDEWEY
_c1
_i39370
_lCCODEBUL1
_mBUL
_p00.00
_r0
_sY
_tBOOK
_u19950928
_xTEOLOGIA
_zUNKNOWN
_0COMPRA
_o.STAFF. Colección General
994 _aC0
_bPEPRU
596 _a1
999 _a985.0095 L93
_wDEWEY
_c56740
_i39370
_f2021-11-12
_g5
_lCCODEBUL1
_mBUL
_r0
_sY
_tBOOK
_u2015-6-16
_xTEOLOGIA
_zUNKNOWN
_0COMPRA
_o.STAFF. Colección General
_d56740
980 _81
_gALBERTO SANCHEZ Responsable de Automatización